Kate Bush - All Songs from Studio Albums - Statistics

General Stats
  • This quiz has been taken 198 times
  • The average score is 59 of 112
Answer Stats
Answer % Correct
Hounds of Love Cloudbusting
96%
Hounds of Love Hounds of Love
95%
The Kick Inside Wuthering Heights
95%
Hounds of Love Running Up That Hill (A Deal with God)
94%
Never For Ever Army Dreamers
93%
The Dreaming The Dreaming
93%
The Sensual World The Sensual World
91%
Never For Ever Babooshka
90%
The Kick Inside The Kick Inside
84%
Director's Cut | The Red Shoes The Red Shoes
82%
Never For Ever Breathing
77%
The Kick Inside Moving
77%
Never For Ever Violin
77%
The Dreaming Get Out of My House
74%
The Kick Inside The Man with the Child in His Eyes
74%
Lionheart Wow
74%
Hounds of Love Mother Stands for Comfort
73%
Hounds of Love Hello Earth
72%
Hounds of Love Jig of Life
72%
The Dreaming Sat in Your Lap
72%
Lionheart Hammer Horror
71%
Never For Ever Delius (Song of Summer)
70%
The Dreaming Houdini
70%
The Dreaming There Goes a Tenner
70%
Director's Cut | The Sensual World This Woman's Work
70%
Hounds of Love Waking the Witch
70%
50 Words for Snow 50 Words for Snow
68%
Aerial Aerial
68%
Hounds of Love The Big Sky
68%
Hounds of Love And Dream of Sheep
67%
Never For Ever Egypt
66%
The Dreaming Suspended in Gaffa
66%
Never For Ever The Wedding List
66%
Lionheart Oh England My Lionheart
65%
The Sensual World Rocket's Tail
63%
Director's Cut | The Red Shoes Rubberband Girl
63%
Lionheart Symphony in Blue
63%
Hounds of Love Under Ice
63%
The Kick Inside The Saxophone Song
62%
The Kick Inside Kite
61%
The Kick Inside James and the Cold Gun
59%
The Kick Inside Oh to Be in Love
59%
The Dreaming Night of the Swallow
57%
The Kick Inside Them Heavy People
57%
The Kick Inside Strange Phenomena
56%
Aerial King of the Mountain
54%
Hounds of Love The Morning Fog
54%
Lionheart Coffee Homeground
52%
Lionheart In Search of Peter Pan
52%
The Sensual World Love and Anger
52%
Hounds of Love Watching You Without Me
52%
Never For Ever The Infant Kiss
51%
The Red Shoes Eat the Music
50%
Director's Cut | The Red Shoes Lily
49%
The Dreaming All the Love
48%
Lionheart Kashka from Baghdad
48%
Aerial Pi
48%
The Dreaming Pull Out the Pin
48%
The Sensual World The Fog
48%
Never For Ever All We Ever Look For
46%
Director's Cut | The Red Shoes Moments of Pleasure
46%
Director's Cut | The Red Shoes And So Is Love
45%
Director's Cut | The Sensual World Deeper Understanding
45%
Never For Ever Night Scented Stock
45%
The Sensual World Heads We're Dancing
44%
The Kick Inside L'Amour Looks Something Like You
44%
The Sensual World Between a Man and a Woman
43%
Director's Cut | The Red Shoes Top of the City
43%
Never For Ever Blow Away (For Bill)
41%
The Kick Inside Feel It
41%
50 Words for Snow Lake Tahoe
41%
Lionheart Don't Push Your Foot on the Heartbrake
39%
The Red Shoes Why Should I Love You?
39%
Aerial Bertie
38%
Aerial How to Be Invisible
38%
The Dreaming Leave It Open
37%
Aerial Nocturn
37%
50 Words for Snow Snowflake
37%
Aerial Mrs. Bartolozzi
35%
Director's Cut | The Sensual World Never Be Mine
35%
The Red Shoes The Song of Solomon
35%
Director's Cut Song of Solomon
34%
The Kick Inside Room for the Life
32%
Director's Cut Flower of the Mountain
30%
Lionheart Fullhouse
29%
The Sensual World Reaching Out
29%
Aerial An Architect's Dream
28%
The Red Shoes Big Stripey Lie
28%
Lionheart In the Warm Room
27%
Aerial Joanni
24%
50 Words for Snow Misty
24%
Aerial Aerial Tal
23%
The Red Shoes Constellation of the Heart
23%
Aerial Prelude
23%
50 Words for Snow Wild Man
23%
Aerial A Coral Room
22%
Aerial Prologue
22%
Aerial Sunset
21%
Aerial The Painter's Link
21%
The Red Shoes You're the One
20%
50 Words for Snow Snowed in at Wheeler Street
18%
50 Words for Snow Among Angels
15%
Aerial Somewhere in Between
15%
No matching quizzes found
Score Distribution
Percent of People with Each Score
Percentile by Number Answered
Your Score History
You have not taken this quiz